00696cam a22002051i 450000100060000000300080000600500170001400800390003103500190007004000270008904100080011608200200012410000220014424501390016626000420030530000330034750000200038050400640040065000260046415738BD-RjUL20211208235857.0140210s1964 nyua b 001 0 eng a(BD-RjUL)15793 dBD-RjULaNNCbengcNNC aeng00a658.7bHEB 19641 aHeskett, James L.10aBusiness logistics :bmanagement of physical supply and distribution /cJ.L. Heskett, Robert M. Ivie [and] Nicholas A. Glaskowsky, Jr. aNew York :bRonald Press Co.,cc1964. axi, 557 p. :bill. ;c24 cm. aIncludes index. aIncludes bibliographies. "Information sources": p. 525-534. 0aMaterials management.